[Event "California State-ch"]
[Site "San Jose"]
[Date "2006.05.21"]
[Round "4"]
[White "Chock, David"]
[Black "Ho, Matthew"]
[Result "0-1"]
[WhiteElo "2009"]
[BlackElo "2282"]
[PlyCount "98"]
[EventDate "2006.04.20"]
[EventType "swiss"]
[EventRounds "6"]
[EventCountry "USA"]
[SourceTitle "EXT 2009"]
[Source "ChessBase"]
[SourceDate "2008.11.26"]
[SourceVersion "1"]
[SourceVersionDate "2008.11.26"]
[SourceQuality "1"]

1. e4 e5 2. Nf3 Nc6 3. d4 exd4 4. Nxd4 Nf6 5. Nxc6 bxc6 6. e5 Qe7 7. Qe2 Nd5 8. c4 Nb6 9. Nc3 a5 10. Qe4 g6 11. Bd3 Bg7 12. f4 0-0 13. 0-0 f5 14. Qe3 Qe6 15. b3 Re8 16. Bb2 d6 17. c5 Nd5 18. Nxd5 cxd5 19. Rfe1 dxe5 20. fxe5 Ba6 21. Bc2 c6 22. a3 Qe7 23. Bd4 Qc7 24. Qc3 Re6 25. Qg3 Rae8 26. Re3 Qf7 27. Qf4 Qf8 28. g4 fxg4 29. Qxf8+ Rxf8 30. Kg2 Rf4 31. Rd1 h5 32. Kg3 Bh6 33. Rc3 Rf8 34. Re1 Bd2 35. Rce3 Bxe1+ 36. Rxe1 Rf3+ 37. Kh4 Bd3 38. Bd1 Rh3+ 39. Kg5 Rxh2 40. b4 g3 41. Re3 Be4 42. Bb3 Bc2 43. Bxd5 cxd5 44. b5 Ba4 45. b6 Bc6 46. Rxg3 Kg7 47. Kf4 Rg2 48. Ke3 Re7 49. Kd3 h4 0-1

[Event "Reno Far West op"]
[Site "Reno"]
[Date "2006.04.08"]
[Round "3"]
[White "Chock, David"]
[Black "MacKenzie, Dana N"]
[Result "0-1"]
[WhiteElo "2010"]
[BlackElo "2109"]
[PlyCount "68"]
[EventDate "2006.04.12"]
[EventType "swiss"]
[EventRounds "6"]
[EventCountry "USA"]
[SourceTitle "EXT 2009"]
[Source "ChessBase"]
[SourceDate "2008.11.26"]
[SourceVersion "1"]
[SourceVersionDate "2008.11.26"]
[SourceQuality "1"]

1. e4 e5 2. Nf3 Nc6 3. d4 exd4 4. Nxd4 Nf6 5. Nxc6 bxc6 6. e5 Qe7 7. Qe2 Nd5 8. c4 Ba6 9. b3 f6 10. Ba3 Nb4 11. Bb2 fxe5 12. a3 Nd5 13. Qh5+ g6 14. Qxe5 Nf6 15. Be2 Qxe5 16. Bxe5 Bg7 17. Ra2 0-0-0 18. 0-0 Rhe8 19. Bd4 Kb8 20. Nc3 Nh5 21. Rd2 Bxd4 22. Rxd4 c5 23. Rd2 Nf4 24. Bf3 Bb7 25. Bxb7 Kxb7 26. Rfd1 d6 27. b4 Re5 28. Rb2 Rde8 29. f3 Re1+ 30. Kf2 Rxd1 31. Nxd1 Nd3+ 32. Kg3 Nxb2 33. Nxb2 Re2 34. Nd3 Rc2 0-1

[Event "Reno Far West op"]
[Site "Reno"]
[Date "2006.04.08"]
[Round "4"]
[White "Chock, David"]
[Black "Trammell, George"]
[Result "1-0"]
[WhiteElo "2010"]
[BlackElo "2028"]
[PlyCount "53"]
[EventDate "2006.04.12"]
[EventType "swiss"]
[EventRounds "6"]
[EventCountry "USA"]
[SourceTitle "EXT 2009"]
[Source "ChessBase"]
[SourceDate "2008.11.26"]
[SourceVersion "1"]
[SourceVersionDate "2008.11.26"]
[SourceQuality "1"]

1. e4 c5 2. Nf3 d6 3. d4 cxd4 4. Nxd4 Nf6 5. Nc3 a6 6. g3 e5 7. Nde2 Be7 8. Bg2 0-0 9. a4 b6 10. 0-0 Bb7 11. h3 b5 12. axb5 axb5 13. Rxa8 Bxa8 14. Bg5 Nbd7 15. b4 d5 16. exd5 Bxb4 17. Nxb5 Qa5 18. c4 Rc8 19. Qa1 Qb6 20. Rb1 Bc5 21. Bxf6 Bxf2+ 22. Kh2 gxf6 23. Nbc3 Qe3 24. Qa6 Rf8 25. Qd6 Qa7 26. Ne4 Be3 27. Qxd7 1-0